| 000 | 02017cad a22002775a 4500 | ||
|---|---|---|---|
| 001 | L147364 | ||
| 008 | 090506s2009 xxkod f 000 0 eng d | ||
| 020 | _a9781847812490 | ||
| 035 | _a(Sirsi) u147364 | ||
| 041 | 0 | _aeng | |
| 050 | 0 | 4 | _a711.309 $2 18 |
| 110 | 1 |
_aLondon _bGreater London Authority _bMayor of London _94869 |
|
| 245 | 0 | 2 |
_aA new plan for London _bproposals for the Mayor's London Plan : the spatial development strategy for Greater London _h[electronic resource] |
| 260 |
_aLondon _bGLA _c2009 |
||
| 505 | 2 | _aChapter 1: Planning for a changing London : context and vision for the new London plan -- Chapter 2 : London's places -- Chapter 3 : London's people -- Chapter 4 : London's economy -- Chapter 5 : London's response to climate change -- Chapter 6 : London's transport -- Chapter 7 : London's quality of life -- Chapter 8 : Implementation, monitoring and review -- Appendix : Mayor's response to consultation "Planning for a better London" | |
| 520 | _aAlso known as London Plan Initial Proposals. Sets out the plan for a spatial development strategy for the Greater London up to 2031. Discusses the Mayor's planning objectives and policy directions for London. Includes geographic aspects of other Mayoral strategies such as Transport and Economic Development Strategy, London Housing Strategy and environmental policies. Document for consultation with the London Assembly and the Greater London Authority functioning bodies but informal comments from the public are welcome up to Tuesday 30 June 2009. | ||
| 521 | 2 | _aAdvanced | |
| 590 | _aKA NTK | ||
| 650 | 2 | 4 | _aSPATIAL DEVELOPMENT STRATEGY |
| 650 | 2 | 4 | _aSTRATEGIC PLANNING |
| 650 | 2 | 4 | _aREGIONAL PLANNING |
| 651 | 4 |
_aLondon (Greater London Authority) _c2000- _93989 |
|
| 690 | _aENVIRONMENTAL AND LAND CONSULTANCY-PLANNING AND DEVELOPMENT-STRATEGIC PLANNING | ||
| 856 | 4 | 0 |
_uhttps://www.london.gov.uk/mayor/publications/2009/05/london-plan-initial-proposals.jsp _zView the item free of charge at www.london.gov.uk... |
| 942 | _n0 | ||
| 999 |
_c109520 _d109520 |
||